Klasifikácia živností

Bibliographic Details
Main Author: Marčanová, Jana (Author)
Format: Article
Language:Slovak
Subjects:

MARC

LEADER 00000nab a2200000 a 4500
001 vtls000439004
003 SK-MaSNL
005 20260302233902.0
008 120926c1991 xo 0 slo
015 |a SNBRB19rr/mm-uuuuu 
035 |a CL0439132 
040 |a SNKBUCL  |b slo  |c SNKBUCL  |e AACR2 
041 0 |a slo 
044 |a xo  |c SK 
080 |a 334.7  |2 1981 
100 1 |a Marčanová, Jana  |4 aut  |9 856267 
245 1 0 |a Klasifikácia živností  |c Jana Marčanová 
650 0 7 |a živnostenský zákon  |2 snkbucl  |9 966083 
650 0 7 |a živnostenské podnikanie  |2 snkbucl  |9 1774 
655 7 |a články z novín a časopisov  |2 snkbucl  |9 267496 
773 0 |t Verejná správa  |g Č. 25 (1991), s. 10-11 
850 |a Slovenská národná knižnica v Martine  |a MTA001 
852 |a SNK  |b KIS3GCP 
958 |a RK 
992 |a RBX 
999 |c 1548310  |d 1550240